000
00254nam a2200109Ia 4500
008
190216s9999||||xx |||||||||||||| ||und||
100
_a
Tatapuram Sukumaran
245
0
_a
Alamalakalil
260
_b
Current Books
650
_a
Novel Malayalam
942
_c
BK
999
_c
23564
_d
23564